<?xml version="1.0" encoding="UTF-8"?>
<collection xmlns="http://www.loc.gov/MARC21/slim">
<record>
  <controlfield tag="001">6817</controlfield>
  <controlfield tag="005">20240212152324.0</controlfield>
  <datafield tag="037" ind1=" " ind2=" ">
    <subfield code="a">CTALK-2024-0074</subfield>
  </datafield>
  <datafield tag="100" ind1=" " ind2=" ">
    <subfield code="a">Dileep, Athul</subfield>
  </datafield>
  <datafield tag="245" ind1=" " ind2=" ">
    <subfield code="a">Variability in chemically peculiar stars and open star clusters</subfield>
  </datafield>
  <datafield tag="260" ind1=" " ind2=" ">
    <subfield code="c">2023</subfield>
  </datafield>
  <datafield tag="269" ind1=" " ind2=" ">
    <subfield code="c">2023-10-10</subfield>
  </datafield>
  <datafield tag="520" ind1=" " ind2=" ">
    <subfield code="a">The exploration of stellar pulsations is crucial for gaining insights into the internal structures of stars. Our research focuses on conducting an in-depth asteroseismic and spectroscopic analysis of A- and F-type chemically peculiar stars using both ground-based and space-based observations. By combining photometric and spectroscopic data of these unique stars, we aim to establish a deeper understanding of how stellar activity (such as rotation, magnetic fields, and peculiarities) relates to their oscillations. Additionally, investigating stars within open clusters provides an independent method for determining their fundamental properties. Consequently, our work involves the identification of variable stars within open clusters. In this presentation, I will share the outcomes of our two ongoing projects. The first project involves the investigation of an intermediate-age open cluster, NGC 2126, which hosts numerous short-period pulsating stars. The second project is a detailed analysis of the CP2 star HD 100357. This star exhibits potential signs of low-frequency pulsational variability, which demands a detailed examination.</subfield>
  </datafield>
  <datafield tag="536" ind1=" " ind2=" ">
    <subfield code="a">BL/</subfield>
    <subfield code="c">33/</subfield>
    <subfield code="f">IN12 (BINA)</subfield>
  </datafield>
  <datafield tag="594" ind1=" " ind2=" ">
    <subfield code="a">NO</subfield>
  </datafield>
  <datafield tag="700" ind1=" " ind2=" ">
    <subfield code="a">Joshi, Santosh</subfield>
  </datafield>
  <datafield tag="700" ind1=" " ind2=" ">
    <subfield code="a">De Cat, Peter</subfield>
  </datafield>
  <datafield tag="700" ind1=" " ind2=" ">
    <subfield code="a">Kurtz, Donald Wayne</subfield>
  </datafield>
  <datafield tag="700" ind1=" " ind2=" ">
    <subfield code="a">Samenko, Eugene</subfield>
  </datafield>
  <datafield tag="700" ind1=" " ind2=" ">
    <subfield code="a">Trust, Otto</subfield>
  </datafield>
  <datafield tag="700" ind1=" " ind2=" ">
    <subfield code="a">Lampens, Patricia</subfield>
  </datafield>
  <datafield tag="700" ind1=" " ind2=" ">
    <subfield code="a">Mkrtichian, David</subfield>
  </datafield>
  <datafield tag="700" ind1=" " ind2=" ">
    <subfield code="a">Tkachenko, Andrew</subfield>
  </datafield>
  <datafield tag="773" ind1=" " ind2=" ">
    <subfield code="t">1-day BINA Meeting "Evaluation and future prospects of the Indo-Belgian collaboration", Brussels, Belgium</subfield>
  </datafield>
  <datafield tag="856" ind1="0" ind2=" ">
    <subfield code="f">peter.decat@ksb-orb.be</subfield>
  </datafield>
  <datafield tag="856" ind1="4" ind2=" ">
    <subfield code="s">686638622</subfield>
    <subfield code="u">http://publi2-as.oma.be/record/6817/files/BINA_Meeting_231010_IT01_DileepA.mp4</subfield>
  </datafield>
  <datafield tag="906" ind1=" " ind2=" ">
    <subfield code="a">Invited</subfield>
  </datafield>
  <datafield tag="980" ind1=" " ind2=" ">
    <subfield code="a">CTALKINVI</subfield>
  </datafield>
</record>
</collection>